Top 15 Richest Countries (2026 GDP per Capita) - Statistics

General Stats
  • This quiz has been taken 35 times
  • The average score is 13 of 15
Answer Stats
Hint Answer % Correct
Europe Germany
94%
North America USA
94%
Europe Luxembourg
91%
Europe Norway
91%
Europe Switzerland
91%
Europe UK
91%
Europe Belgium
88%
Europe Monaco
88%
Europe Ireland
84%
Asia Singapore
84%
Europe Denmark
81%
Europe Iceland
81%
Asia Qatar
81%
Europe San Marino
78%
Europe Liechtenstein
56%
No matching quizzes found
Score Distribution
Percent of People with Each Score
Percentile by Number Answered
Your Score History
You have not taken this quiz